| 000 | 00800nam a2200217 a 4500 | ||
|---|---|---|---|
| 001 | 000020085 | ||
| 003 | AM-YEHGA | ||
| 005 | 20250618070817.0 | ||
| 008 | 971126s1955 ai |||||||||||||||||arm d | ||
| 040 | _aAM-YeHGA | ||
| 041 | 0 | _aarm | |
| 100 | 1 |
_aՍևակ, Ռուբեն, _d1885-1915 _9774 |
|
| 245 | 1 | 0 |
_aԵրկեր / _cՌ. Սևակ; Կազմ., առաջաբ. և ծանոթագր.՝ Ե. Պետրոսյան. |
| 260 |
_aԵրևան : _bՀայպետհրատ, _c1955. |
||
| 300 |
_a260 էջ : _bդիմանկ. ; _c21 սմ. |
||
| 504 | _aԾանոթագր., էջ՝ 247-252 | ||
| 650 | 1 | 4 | _aԱրևմտահայ գրականություն |
| 700 | 1 |
_aՊետրոսյան, Եղիշե Մանուկի, _d1912-1982 _eկազմ. _4com _eառաջաբ. _4aui _eծանոթագր. _4cmm _91402 |
|
| 942 | _cBK | ||
| 090 | _c7180 | ||
| 999 |
_c7124 _d7124 |
||